La population de l'Égypte /

محفوظ في:

المؤلف الرئيسي: Mboria, Lefter (مؤلف)

التنسيق: كتاب

اللغة: French

منشور في: Le Caire : Imprimerie Procaccia, 1938.

الموضوعات:

الوسوم: إضافة وسم

لا توجد وسوم, كن أول من يضع وسما على هذه التسجيلة!

رقم الطلب: HB3663 .M21 1938

LEADER 00616namaa2200229 4500
001 24853
003 OSt
005 20250807114428.0
008 130303s1938 ua d g 000 0 fre d
010 |a 42042256 
040 |c ARCE Library 
043 |a f-ua--- 
050 4 |a HB3663 .M21 1938 
100 1 |a Mboria, Lefter,  |e author  |9 35672 
245 1 3 |a La population de l'Égypte /   |c Lefter Mboria. 
264 1 |a Le Caire :   |b Imprimerie Procaccia,   |c 1938. 
300 |a 208, [6] pages :   |b ill. ;   |c 25 cm. 
500 |a OCLC 254078784 
651 0 |a Egypt  |x Population. 
901 |a reviewed 
942 |c BK  |2 lcc 
999 |c 22020  |d 22020